000 00935nam a2200277Ia 4500
003 OSt
005 20221005111822.0
006 a|||||r|||| 00| 0
007 ta
008 221004b |||||||| |||| 00| 0 hin d
020 _cIndian Rupees 150
024 _a41101
037 _bGift, 09/01/2019,
_cTextual
040 _aCRL
_cCRL
_bhin
041 _2hin
_ahin
082 _aO152,1N39x, P7
100 _aअष्ठाना, मधुकर, ले.
245 0 _aऔर कितनी देर
246 _aAur kitanī dera
260 _aलखनऊ
_bउत्तरायण प्रकाशन भारत
_c2007
300 _a120पृ0
_ccm.
650 _a हिन्दी साहित्य
650 _aहिन्दी कविता
942 _hO152,1N39x, P7
_cTEXL
_2cc
999 _c1023010
_d1023010